00465pab a2200157 454500008004000000100001800040245005700058260000900115300001100124362000900135650001400144773002200158909000900180999001500189952010300204180718b1988 xxu||||| |||| 00| 0 eng d aHolden, Barry aNew directions in democratic theory (Review article) c1988 a324-33 aJun. aDemocracy aPolitical Studies a7173 c7173d7173 00104070aIIPAbIIPAd2018-07-19hVolume no: 36, Issue no: 2pAR7183r2018-07-19w2018-07-19yAR